书目信息 |
| 题名: |
城镇燃气设计规范 GB 50028-93
|
|
| 作者: | 中华人民共和国建设部 | |
| 分册: | ||
| 出版信息: | 北京 中国计划出版社 1999.02 |
|
| 页数: | 296页 | |
| 开本: | 32开 | |
| 丛书名: | ||
| 单 册: | ||
| 中图分类: | TU996-65 | |
| 科图分类: | ||
| 主题词: | 城市--煤气--供应 | |
| 电子资源: | ||
| ISBN: | ||
| 000 | 00620nam0 2200193 45 | |
| 001 | 0003151149 | |
| 005 | 20220524165856.15 | |
| 010 | @dCNY 26.00 | |
| 094 | @bGB 50028-93 | |
| 100 | @a20000315d1999 km y0chiy0120 ea | |
| 101 | @achi | |
| 200 | 1 | @a城镇燃气设计规范 GB 50028-93@ACheng Zhen Ran Qi She Ji Gui Fan GB 50028-93@f中华人民共和国建设部@FZhongHua Ren Min Gong He GuoJian She Bu |
| 210 | @a北京@c中国计划出版社@d1999.02 | |
| 215 | @a296页@d32开 | |
| 606 | 0 | @a城市@x煤气@x供应 |
| 690 | @aTU996-65@v3 | |
| 701 | @a中华人民共和国建设部 | |
| 801 | @aCN@bPftUser@c20061225 | |
| 905 | @dTU996-65@eZH:706/1@b304595-599@f5 | |
| 城镇燃气设计规范 GB 50028-93/中华人民共和国建设部.-北京:中国计划出版社,1999.02 |
| 296页;32开 |
| ISBN :CNY 26.00 |
| ● |
| 相关链接 |
|
|
|
正题名:城镇燃气设计规范 GB 50028-93
索取号:TU996-65/ZH:706/1
 
预约/预借
| 序号 | 登录号 | 条形码 | 馆藏地/架位号 | 状态 | 备注 |
| 1 | 152056 | 201520568 | 自科二线404/201建筑库 137排1列5层/ [索取号:TU996-65/ZH:706/1] | 在馆 | |
| 2 | 304595 | 203045953 | 能源与建筑环境工程学院资料室/ [索取号:TU996-65/ZH:706/1] | 在馆 | |
| 3 | 304596 | 203045962 | 自科二线404/201建筑库 137排1列5层/ [索取号:TU996-65/ZH:706/1] | 在馆 | |
| 4 | 304597 | 203045971 | 能源与建筑环境工程学院资料室/ [索取号:TU996-65/ZH:706/1] | 在馆 | |
| 5 | 304598 | 203045980 | 能源与建筑环境工程学院资料室/ [索取号:TU996-65/ZH:706/1] | 在馆 | |
| 6 | 304599 | 203045999 | 能源与建筑环境工程学院资料室/ [索取号:TU996-65/ZH:706/1] | 在馆 | |
| 7 | 444716 | 204447161 | 能源与建筑环境工程学院资料室/ [索取号:TU996-65/ZH:706/1] | 在馆 | |
| 8 | 444717 | 204447170 | 能源与建筑环境工程学院资料室/ [索取号:TU996-65/ZH:706/1] | 在馆 |